[Event "Elit(SodraSASS-Skara)"]
[Site "?"]
[Date "2003.??.??"]
[Round "1"]
[White "Hillarp-Persson, Tiger"]
[Black "Kulaots, Kaido"]
[Result "1-0"]
[WhiteElo "2585"]
[BlackElo "2593"]
[PlyCount "93"]
[EventDate "2003.??.??"]

1. d4 Nf6 2. c4 c6 3. Nf3 d5 4. Nc3 a6 5. c5 Nbd7 6. h3 Qc7 7. Bg5 h6 8. Bh4
Nh5 9. g4 g5 10. gxh5 gxh4 11. e3 b6 12. cxb6 Qxb6 13. Qc2 e6 14. O-O-O c5 15.
Rg1 Rb8 16. Rg4 cxd4 17. Rdxd4 Nf6 18. Rgf4 Bg7 19. Rb4 Qxb4 20. Rxb4 Rxb4 21.
Nxd5 Nxd5 22. Qxc8+ Ke7 23. Qc5+ Kd7 24. Bxa6 Bxb2+ 25. Kd1 Rhb8 26. Bc4 Nc3+
27. Ke1 Ne4 28. Qa7+ R8b7 29. Qa8 Bf6 30. Bb3 Ke7 31. Kf1 Nc5 32. Nd2 Rb8 33.
Qc6 Nd7 34. Nc4 R4b5 35. Qd6+ Kd8 36. Qf4 Rxh5 37. Nd6 Ke7 38. Nxf7 Ne5 39.
Nxe5 Rxe5 40. Qxh6 Rg8 41. Qh7+ Rg7 42. Qc2 Kd6 43. Qd3+ Kc7 44. Qc3+ Kd8 45.
Qc6 Be7 46. Qb6+ Kd7 47. Qb7+ 1-0

[Event "Elit(SodraSASS-Skara)"]
[Site "?"]
[Date "2003.??.??"]
[Round "1"]
[White "Furhoff, Johan"]
[Black "Pedersen, Steffen"]
[Result "0-1"]
[WhiteElo "2424"]
[BlackElo "2463"]
[PlyCount "72"]
[EventDate "2003.??.??"]

1. e4 c6 2. d4 d5 3. Nd2 dxe4 4. Nxe4 Bf5 5. Ng3 Bg6 6. h4 h6 7. Nf3 Nf6 8. Ne5
Bh7 9. Bc4 e6 10. Qe2 Nd5 11. Bb3 Nd7 12. Bd2 Nxe5 13. dxe5 Qc7 14. O-O-O O-O-O
15. f4 Be7 16. Nh5 Rhg8 17. g4 Kb8 18. Ng3 Rge8 19. Ne4 f6 20. exf6 gxf6 21.
Qf3 f5 22. Nf2 fxg4 23. Nxg4 Rf8 24. Rhf1 Bd6 25. Nxh6 Qg7 26. Bxd5 cxd5 27. f5
Rc8 28. Rg1 Qc7 29. Qc3 Qd8 30. Qg7 Rc7 31. Qg5 Qc8 32. Bc3 Rxc3 33. bxc3 Qxc3
34. Rd3 Qc4 35. Qg7 Rc8 36. Rg2 Qxd3 0-1

[Event "Elit(SodraSASS-Skara)"]
[Site "?"]
[Date "2003.??.??"]
[Round "1"]
[White "Ziegler, Ari"]
[Black "Welin, Thomas"]
[Result "1-0"]
[WhiteElo "2413"]
[BlackElo "2412"]
[PlyCount "95"]
[EventDate "2003.??.??"]

1. d4 d5 2. c4 c6 3. Nf3 Nf6 4. e3 g6 5. Nc3 Bg7 6. Be2 O-O 7. O-O Be6 8. cxd5
Nxd5 9. e4 Nb6 10. h3 Bc4 11. Be3 N8d7 12. Rc1 Bxe2 13. Qxe2 e5 14. dxe5 Nxe5
15. Nxe5 Bxe5 16. f4 Bg7 17. e5 f6 18. Bc5 Re8 19. Rcd1 Qc7 20. Ne4 Nd5 21. Nd6
Bf8 22. Qc4 Bxd6 23. Bxd6 Qf7 24. Rd3 f5 25. b4 Nb6 26. Qc2 Red8 27. Rfd1 Rd7
28. a4 a6 29. b5 axb5 30. axb5 cxb5 31. Qc5 Nc4 32. Qxb5 Rad8 33. Rd4 Nxd6 34.
Rxd6 Rxd6 35. Rxd6 Re8 36. Rf6 Qe7 37. Qd5+ Kg7 38. Rd6 Kh6 39. Rd7 Qa3 40. Qd2
Qg3 41. Rd3 Qh4 42. Kh2 Ra8 43. g3 Qe7 44. g4 Qc5 45. Rd7 fxg4 46. hxg4 Ra3 47.
g5+ Kh5 48. Qd1+ 1-0

[Event "Elit(SodraSASS-Skara)"]
[Site "?"]
[Date "2003.??.??"]
[Round "1"]
[White "Alm, Hakan"]
[Black "Andersson, Goran"]
[Result "1/2-1/2"]
[WhiteElo "2333"]
[BlackElo "2292"]
[PlyCount "108"]
[EventDate "2003.??.??"]

1. d4 Nf6 2. c4 e6 3. Nc3 d5 4. Bg5 Be7 5. Nf3 h6 6. Bh4 O-O 7. e3 b6 8. Be2
Bb7 9. O-O Nbd7 10. Qa4 c5 11. Rfd1 Ne4 12. Nxe4 dxe4 13. dxc5 Nxc5 14. Qc2 Qe8
15. Bxe7 exf3 16. Bxf8 fxe2 17. Qxe2 Kxf8 18. f3 Qc6 19. Qd2 Ke7 20. Qd4 Rg8
21. Rd2 f6 22. Rad1 e5 23. Qc3 g5 24. b4 Ne6 25. Qd3 Rg7 26. b5 Qc7 27. Qa3+
Nc5 28. Rd7+ Qxd7 29. Rxd7+ Kxd7 30. Qxa7 Kc7 31. a4 Nb3 32. c5 bxc5 33. a5 c4
34. a6 Kc8 35. b6 Nc5 36. axb7+ Rxb7 37. Qa8+ Kd7 38. Qf8 Kc6 39. Qxf6+ Kb5 40.
Qxe5 Rxb6 41. f4 gxf4 42. exf4 Re6 43. Qb2+ Kc6 44. g4 Re1+ 45. Kg2 Ne4 46. h4
c3 47. Qc2 Kc5 48. g5 hxg5 49. fxg5 Kd4 50. g6 Re3 51. h5 Rg3+ 52. Kh2 Rg5 53.
Qe2 Ke5 54. Kh3 c2 1/2-1/2

[Event "Elit(SodraSASS-Skara)"]
[Site "?"]
[Date "2003.??.??"]
[Round "1"]
[White "Winge, Stefan"]
[Black "Svensson, Sven"]
[Result "1/2-1/2"]
[WhiteElo "2279"]
[BlackElo "2281"]
[PlyCount "119"]
[EventDate "2003.??.??"]

1. e4 e5 2. Bc4 Nf6 3. d3 Nc6 4. Nf3 Bc5 5. O-O d6 6. c3 a6 7. Bb3 Ba7 8. Re1
Be6 9. Nbd2 O-O 10. Nf1 Re8 11. Ng3 Qd7 12. Bg5 Ng4 13. Rf1 h6 14. Bd2 d5 15.
Qe2 Rad8 16. h3 Nf6 17. Bc2 b5 18. Rfd1 d4 19. Kh2 Qe7 20. Bb3 Bc8 21. Rac1 Bb6
22. Kg1 Qd6 23. Bc2 dxc3 24. bxc3 b4 25. Ba4 Bd7 26. Bxc6 Bxc6 27. c4 Ba4 28.
Re1 Qxd3 29. Bxb4 Qxe2 30. Rxe2 Bd4 31. Bc3 Bc6 32. Bxd4 exd4 33. Nd2 Nd7 34.
f3 Nc5 35. Nb3 Ne6 36. Rd1 Ba4 37. Rb2 c5 38. Ne2 Rb8 39. Nec1 Bxb3 40. Nxb3
Rb7 41. Rbd2 Rb4 42. Rc2 Kf8 43. Kf2 Ke7 44. h4 Kd6 45. g3 Nd8 46. Nc1 Nc6 47.
Nd3 Rb7 48. Re2 Ne5 49. Nxe5 Kxe5 50. f4+ Ke6 51. Rd3 Rb4 52. Ra3 Ra8 53. Ra5
Rxc4 54. Rb2 Rb4 55. Rxb4 cxb4 56. Ke2 Ke7 57. Kd3 Rc8 58. Kxd4 Rc6 59. Kd5 Rb6
60. e5 1/2-1/2

[Event "Elit(Sollentuna-Schack08)"]
[Site "?"]
[Date "2003.??.??"]
[Round "1"]
[White "Laveryd, Peter"]
[Black "Agrest, Evgenij"]
[Result "0-1"]
[WhiteElo "2467"]
[BlackElo "2721"]
[PlyCount "70"]
[EventDate "2003.??.??"]

1. e4 c5 2. Nc3 e6 3. Nge2 Nf6 4. g3 d5 5. Bg2 d4 6. Nb1 e5 7. d3 h5 8. h3 Nc6
9. f4 Bd6 10. f5 Bd7 11. c4 g6 12. fxg6 fxg6 13. Na3 Be6 14. Nc2 Qd7 15. a3 a6
16. Ng1 b5 17. b3 bxc4 18. bxc4 Nh7 19. Nf3 O-O 20. Bh6 Rf6 21. Ng5 Nxg5 22.
Bxg5 Rf7 23. Rb1 Bc7 24. Bd2 Raf8 25. Qe2 Bxc4 26. Rf1 Rxf1+ 27. Bxf1 Be6 28.
Qg2 Na5 29. g4 hxg4 30. hxg4 Nb3 31. Be2 Qh7 32. Bg5 Qf7 33. Na1 Ba5+ 34. Kd1
Nxa1 35. Rxa1 Ba2 0-1

[Event "Elit(Sollentuna-Schack08)"]
[Site "?"]
[Date "2003.??.??"]
[Round "1"]
[White "Berg, Emanuel"]
[Black "Renman, Nils-Gustaf"]
[Result "1/2-1/2"]
[WhiteElo "2542"]
[BlackElo "2416"]
[PlyCount "68"]
[EventDate "2003.??.??"]

1. e4 e6 2. d4 d5 3. Nc3 Nf6 4. Bg5 Bb4 5. e5 h6 6. Bd2 Bxc3 7. bxc3 Ne4 8. Qg4
Kf8 9. Bd3 Nxd2 10. Kxd2 c5 11. h4 c4 12. Be2 Nc6 13. Nf3 Bd7 14. Qf4 b5 15. a3
a5 16. g4 b4 17. axb4 axb4 18. cxb4 Nxb4 19. Qe3 Na2 20. Rhb1 Qa5+ 21. c3 Ke7
22. Bd1 Rhb8 23. Bc2 Qa3 24. Ng1 Ba4 25. Bxa4 Qxa4 26. Ne2 Qa3 27. Ke1 Rb2 28.
Rxb2 Qxb2 29. Rd1 Ra3 30. Qd2 Rb3 31. Qxb2 Rxb2 32. Rd2 Rb1+ 33. Rd1 Rb3 34.
Nc1 Nxc1 1/2-1/2

[Event "Elit(Sollentuna-Schack08)"]
[Site "?"]
[Date "2003.??.??"]
[Round "1"]
[White "Ingbrandt, Johan"]
[Black "Dzevlan, Miralem"]
[Result "1/2-1/2"]
[WhiteElo "2467"]
[BlackElo "2486"]
[PlyCount "51"]
[EventDate "2003.??.??"]

1. Nf3 g6 2. e4 c5 3. c3 d5 4. exd5 Qxd5 5. d4 Nf6 6. Be2 cxd4 7. cxd4 Bg7 8.
Nc3 Qa5 9. O-O O-O 10. Qb3 Nbd7 11. Rd1 Nb6 12. d5 Rd8 13. Bd2 Bf5 14. a4 Rac8
15. Nb5 Qa6 16. Nbd4 Bc2 17. Qa3 Qxa4 18. Qxe7 Nfxd5 19. Qxb7 Qd7 20. Qxd7 Rxd7
21. Bb5 Rdc7 22. Re1 h6 23. h4 Bf8 24. Ne5 Bb4 25. Bxb4 Nxb4 26. Re2 1/2-1/2

[Event "Elit(Sollentuna-Schack08)"]
[Site "?"]
[Date "2003.??.??"]
[Round "1"]
[White "Eriksson, Johan"]
[Black "Thoren, Per"]
[Result "1-0"]
[WhiteElo "2453"]
[BlackElo "2282"]
[PlyCount "61"]
[EventDate "2003.??.??"]

1. d4 f5 2. e4 fxe4 3. Nc3 Nf6 4. Bg5 b6 5. f3 e3 6. Bxe3 e6 7. Bd3 Be7 8. f4
O-O 9. Nf3 c5 10. O-O Bb7 11. Ng5 h6 12. Nf3 Nc6 13. dxc5 Ng4 14. Bd2 Bxc5+ 15.
Kh1 Nb4 16. Qe1 Nxd3 17. cxd3 Bd6 18. Qg3 Nf6 19. Ne5 Rc8 20. Rae1 Bb8 21. f5
exf5 22. Rxf5 Bxe5 23. Rfxe5 Kh8 24. Re7 Nh5 25. Qh4 Rc5 26. Kg1 Rcf5 27. g4
Rf2 28. Qxf2 Rxf2 29. Re8+ Kh7 30. Rxd8 Rg2+ 31. Kf1 1-0

[Event "Elit(Sollentuna-Schack08)"]
[Site "?"]
[Date "2003.??.??"]
[Round "1"]
[White "Karlsson, Tomas"]
[Black "Couso, Luis"]
[Result "0-1"]
[WhiteElo "2297"]
[BlackElo "2448"]
[PlyCount "108"]
[EventDate "2003.??.??"]

1. e4 c5 2. Nf3 e6 3. d4 cxd4 4. Nxd4 a6 5. Bd3 Bc5 6. Nb3 Ba7 7. Qe2 Nc6 8.
Be3 d6 9. Nc3 Nf6 10. a4 O-O 11. O-O Bxe3 12. Qxe3 e5 13. Rfd1 Be6 14. Nd5 Bxd5
15. exd5 Nb4 16. Be4 a5 17. c3 Na6 18. Bd3 Nc7 19. c4 g6 20. Be2 Qb8 21. f4 Re8
22. Bf3 Qd8 23. fxe5 Rxe5 24. Qb6 Ra6 25. Qf2 Nce8 26. Nd4 Nd7 27. Qd2 Nef6 28.
b4 axb4 29. Qxb4 Nc5 30. Nb5 h5 31. Rf1 Kg7 32. a5 Nfd7 33. Qc3 Kg8 34. Rae1
Qe7 35. Bd1 Ra8 36. Rxe5 Nxe5 37. Bf3 Re8 38. Nd4 Ned3 39. Qd2 Qh4 40. Nc2 Qxc4
41. Be2 Qe4 42. Bxd3 Nxd3 43. Rf3 Ne5 44. Rf4 Qd3 45. Qxd3 Nxd3 46. Rd4 Re2 47.
Rc4 Nc5 48. Na3 Re1+ 49. Kf2 Nd3+ 50. Kg3 Re3+ 51. Kh4 Ne1 52. Nc2 Nxg2+ 53.
Kg5 Kg7 54. Nxe3 f6# 0-1

[Event "Elit(Sollentuna-Schack08)"]
[Site "?"]
[Date "2003.??.??"]
[Round "1"]
[White "Ottenklev, Niclas"]
[Black "Bergstrom, Peter"]
[Result "1/2-1/2"]
[WhiteElo "2230"]
[BlackElo "2379"]
[PlyCount "67"]
[EventDate "2003.??.??"]

1. e4 c6 2. c4 d5 3. exd5 cxd5 4. cxd5 Nf6 5. Nc3 Nxd5 6. Nf3 Nxc3 7. bxc3 g6
8. d4 Bg7 9. Bd3 O-O 10. O-O Nc6 11. Rb1 e5 12. Ba3 Re8 13. Bb5 Bf5 14. Bxc6
bxc6 15. Rb7 Bc8 16. Rb2 Bg4 17. dxe5 Qxd1 18. Rxd1 Bxe5 19. Rd3 Bxf3 20. gxf3
Rad8 21. Re3 Bf6 22. Bc5 a5 23. Rb6 Rd1+ 24. Kg2 Rxe3 25. Bxe3 Bxc3 26. Rxc6
Bb4 27. Bh6 Rd8 28. Ra6 Re8 29. Be3 f5 30. f4 Kf7 31. Kf3 Re6 32. Ra7+ Re7 33.
Ra6 Re6 34. Ra7+ 1/2-1/2

[Event "Elit(Passanten-Kamraterna)"]
[Site "?"]
[Date "2003.??.??"]
[Round "1"]
[White "Cramling, Pia"]
[Black "Svensson, Bengt"]
[Result "1/2-1/2"]
[WhiteElo "2568"]
[BlackElo "2420"]
[PlyCount "63"]
[EventDate "2003.??.??"]

1. d4 Nf6 2. Nf3 g6 3. Nc3 d5 4. Bf4 Bg7 5. e3 O-O 6. Be2 c5 7. Ne5 Nc6 8. O-O
cxd4 9. exd4 Qb6 10. Nxc6 bxc6 11. Na4 Qa5 12. c3 Nd7 13. b4 Qd8 14. Re1 Re8
15. Qd2 e5 16. dxe5 Nxe5 17. Nc5 Bf5 18. Rad1 Nc4 19. Bxc4 dxc4 20. Rxe8+ Qxe8
21. Be3 a5 22. bxa5 Rxa5 23. Qd8 Ra8 24. Qxe8+ Rxe8 25. h3 Bxc3 26. Rc1 Bb4 27.
Rxc4 Bxc5 28. Bxc5 Re1+ 29. Kh2 Re4 30. Rc3 Be6 31. Be3 Bxa2 32. Rxc6 1/2-1/2

[Event "Elit(Passanten-Kamraterna)"]
[Site "?"]
[Date "2003.??.??"]
[Round "1"]
[White "Andreasson, Ingvar"]
[Black "Sandstrom, Ludvig"]
[Result "1-0"]
[WhiteElo "2389"]
[BlackElo "2405"]
[PlyCount "95"]
[EventDate "2003.??.??"]

1. b3 e5 2. Bb2 d6 3. e3 Nf6 4. d4 exd4 5. Qxd4 Nbd7 6. h4 h5 7. Nc3 g6 8.
O-O-O Bg7 9. Nh3 O-O 10. Ng5 Ne5 11. e4 Ne8 12. Qd2 c6 13. f4 Ng4 14. e5 Qa5
15. exd6 Nxd6 16. a3 Nf5 17. Rh3 Nd4 18. Rd3 Ne6 19. Nh3 Qc7 20. Ne4 Bxb2+ 21.
Kxb2 Qe7 22. Qc3 Nxf4 23. Nxf4 Qxe4 24. Rd4 Qe5 25. Re1 Qf6 26. Nxh5 Qh8 27.
Rxg4 Qxh5 28. Rb4 a5 29. Rf4 Be6 30. Re5 Qh6 31. g3 Bd5 32. Bd3 Rae8 33. Rg5
Qg7 34. h5 Re6 35. hxg6 fxg6 36. Qxg7+ Kxg7 37. Rxf8 Kxf8 38. Bxg6 a4 39. bxa4
Be4 40. Bxe4 Rxe4 41. a5 Re3 42. Rg4 Kf7 43. Rb4 Rxg3 44. Rxb7+ Ke6 45. a6 Rg5
46. Kb3 Kd6 47. Ka4 Rg8 48. a7 1-0

[Event "Elit(Passanten-Kamraterna)"]
[Site "?"]
[Date "2003.??.??"]
[Round "1"]
[White "Svenn, Matti"]
[Black "Andersson, Mats"]
[Result "1-0"]
[WhiteElo "2245"]
[BlackElo "2365"]
[PlyCount "81"]
[EventDate "2003.??.??"]

1. Nf3 d5 2. b3 Bg4 3. Bb2 Nd7 4. g3 Ngf6 5. Bg2 e6 6. O-O Bd6 7. c4 c6 8. d3
O-O 9. Nbd2 a5 10. a3 Qe7 11. Re1 Rfd8 12. Nf1 a4 13. cxd5 cxd5 14. b4 Rdc8 15.
Ne3 Bxf3 16. Bxf3 h5 17. Rc1 Rxc1 18. Qxc1 Ne5 19. Bg2 Neg4 20. Nxg4 hxg4 21.
e4 dxe4 22. dxe4 e5 23. Rd1 Bc7 24. Qc2 Bb6 25. Bf1 Qe8 26. Bc4 Qc6 27. Bd3 Qe8
28. Qe2 Rd8 29. Kg2 Qe7 30. Bc2 Rxd1 31. Bxd1 Qe6 32. Bxa4 Qa2 33. Qc2 Qe6 34.
Bb3 Qe8 35. Qc4 Ba7 36. a4 Bd4 37. Bxd4 exd4 38. Qxd4 Qxe4+ 39. Qxe4 Nxe4 40.
Bd5 Nd6 41. a5 1-0

[Event "Elit(Passanten-Kamraterna)"]
[Site "?"]
[Date "2003.??.??"]
[Round "1"]
[White "Sanden, Stefan"]
[Black "Borvander, Tom"]
[Result "1-0"]
[WhiteElo "2322"]
[BlackElo "2250"]
[PlyCount "71"]
[EventDate "2003.??.??"]

1. e4 e5 2. Nf3 Nc6 3. Bb5 a6 4. Ba4 Nf6 5. O-O b5 6. Bb3 Bc5 7. c3 d6 8. d4
Bb6 9. a4 Rb8 10. axb5 axb5 11. Na3 O-O 12. Nxb5 exd4 13. cxd4 Bg4 14. Bc2 Qd7
15. Bg5 Bxf3 16. gxf3 Nh5 17. Be3 Ne7 18. Nc3 Qh3 19. Kh1 Ng6 20. Rg1 Nh4 21.
f4 Nf3 22. Rg2 Nf6 23. Ne2 g6 24. Ng1 Nxg1 25. Rxg1 Ra8 26. Rb1 Rfe8 27. Rg3
Qd7 28. e5 Nd5 29. Be4 c6 30. Qh5 Kh8 31. Qh6 f5 32. Bxd5 cxd5 33. Rxg6 Bc7 34.
Rbg1 Rg8 35. Rxg8+ Rxg8 36. Qf6+ 1-0

[Event "Elit(Passanten-Kamraterna)"]
[Site "?"]
[Date "2003.??.??"]
[Round "1"]
[White "Madebrink, Lars"]
[Black "Burwick, Malte"]
[Result "0-1"]
[WhiteElo "2259"]
[BlackElo "2255"]
[PlyCount "132"]
[EventDate "2003.??.??"]

1. d4 g6 2. c4 Bg7 3. Nc3 Nf6 4. g3 O-O 5. Bg2 d6 6. Nf3 Nbd7 7. O-O e5 8. h3
c6 9. e4 Ne8 10. Be3 f5 11. dxe5 dxe5 12. exf5 gxf5 13. Qd2 Qf6 14. Qe2 Nd6 15.
Rad1 Nf7 16. Nh2 Re8 17. Rfe1 Nf8 18. f4 exf4 19. gxf4 Ng6 20. Qf2 Be6 21. Bf1
Bh6 22. Qg3 Qh4 23. Qxh4 Nxh4 24. Kf2 Nh8 25. Nf3 Nxf3 26. Kxf3 Ng6 27. b3 Kf7
28. Re2 Rg8 29. Red2 Rae8 30. Ne2 a6 31. Bc5 Nh4+ 32. Kf2 Rg6 33. Rd8 Rxd8 34.
Rxd8 Rg8 35. Rxg8 Kxg8 36. Bd6 Ng6 37. Ke3 Bg7 38. Nd4 Kf7 39. Bd3 Nh4 40. Be5
Bf8 41. Ne2 Bc5+ 42. Bd4 Ng2+ 43. Kf3 Ne1+ 44. Ke3 Nxd3 45. Kxd3 Be7 46. Be5
Kg6 47. Nd4 Bd7 48. Nf3 c5 49. Ke3 Kh5 50. Kf2 Bc6 51. Kg3 Be4 52. a3 Bc2 53.
Nd2 Bh4+ 54. Kf3 Bd1+ 55. Ke3 Be7 56. Kf2 Bh4+ 57. Ke3 Be1 58. Bf6 Bh4 59. Be5
Bd8 60. b4 Kh4 61. Bd6 cxb4 62. axb4 Kxh3 63. c5 Kg2 64. Nc4 h5 65. Ne5 h4 66.
Ng6 h3 0-1

[Event "Elit(Rockaden-Manhem)"]
[Site "?"]
[Date "2003.??.??"]
[Round "1"]
[White "Moberg, Karl-Johan"]
[Black "Nielsen, Peter Heine"]
[Result "0-1"]
[WhiteElo "2331"]
[BlackElo "2686"]
[PlyCount "64"]
[EventDate "2003.??.??"]

1. d4 d5 2. c4 c6 3. Nf3 Nf6 4. e3 e6 5. Nbd2 c5 6. cxd5 exd5 7. b3 Nc6 8. Bb2
cxd4 9. Nxd4 Bd6 10. Be2 O-O 11. O-O Re8 12. Rc1 Bd7 13. N2f3 a6 14. Qd3 Ne4
15. Rfd1 Ne5 16. Nxe5 Bxe5 17. g3 Qf6 18. f4 Bd6 19. Rc2 Qh6 20. Bf3 Rad8 21.
Qf1 Qg6 22. Rcc1 Nf6 23. Qd3 Ne4 24. Qf1 h5 25. Qg2 Nf6 26. Nc2 Rc8 27. Bxf6
Qxf6 28. Bxd5 Bg4 29. Bf3 Bxf3 30. Qxf3 Qb2 31. Qe2 Bc5 32. Kf1 32... Bb6 {Tid}
0-1

[Event "Elit(Rockaden-Manhem)"]
[Site "?"]
[Date "2003.??.??"]
[Round "1"]
[White "Barkhagen, Jonas"]
[Black "Kinnmark, Ove"]
[Result "1/2-1/2"]
[WhiteElo "2563"]
[BlackElo "2328"]
[PlyCount "46"]
[EventDate "2003.??.??"]

1. d4 Nf6 2. c4 e6 3. Nc3 Bb4 4. Qc2 d6 5. a3 Bxc3+ 6. Qxc3 Nbd7 7. Nf3 Qe7 8.
e3 e5 9. Be2 O-O 10. O-O Re8 11. b4 Nf8 12. dxe5 dxe5 13. Nd2 Bf5 14. Bb2 Ng6
15. f3 Rad8 16. Rfd1 h5 17. c5 Nd5 18. Qb3 Qg5 19. Nc4 Ndf4 20. exf4 Nxf4 21.
Bf1 Nh3+ 22. Kh1 Nf2+ 23. Kg1 Nh3+ 1/2-1/2

[Event "Elit(Rockaden-Manhem)"]
[Site "?"]
[Date "2003.??.??"]
[Round "1"]
[White "Hermansson, Emil"]
[Black "Hultin, Johan"]
[Result "0-1"]
[WhiteElo "2526"]
[BlackElo "2341"]
[PlyCount "104"]
[EventDate "2003.??.??"]

1. e4 e6 2. d4 d5 3. Nc3 dxe4 4. Nxe4 Bd7 5. Nf3 Bc6 6. Bd3 Nd7 7. O-O Ngf6 8.
Ned2 Be7 9. Re1 Nf8 10. Nc4 Bxf3 11. Qxf3 c6 12. Ne5 Ng6 13. c3 Qd5 14. Qh3 O-O
15. Bg5 Rad8 16. Bc4 Qd6 17. Bb3 Nd5 18. Bd2 c5 19. Nxg6 hxg6 20. dxc5 Qxc5 21.
Rad1 Rd6 22. Bc1 Rfd8 23. Qf3 b5 24. g3 Bf6 25. a3 a5 26. h4 b4 27. cxb4 axb4
28. a4 Ne7 29. Be3 Qc6 30. Qxc6 Nxc6 31. Rxd6 Rxd6 32. Rb1 Na5 33. Bd1 Bd4 34.
Be2 e5 35. Rd1 Kf8 36. Bb5 Ke7 37. Re1 Ke6 38. f4 e4 39. Kf2 Bxb2 40. Bc5 Bd4+
41. Bxd4 Rxd4 42. Ke3 Kd5 43. Rc1 Nc4+ 44. Bxc4+ Rxc4 45. Rd1+ Kc5 46. Rd7 b3
47. Rxf7 b2 48. Rc7+ Kb4 49. Rb7+ Kc3 50. Rxb2 Kxb2 51. a5 Rc3+ 52. Kxe4 Rxg3
0-1

[Event "Elit(Rockaden-Manhem)"]
[Site "?"]
[Date "2003.??.??"]
[Round "1"]
[White "Akesson, Joel"]
[Black "Karlsson, Lars"]
[Result "0-1"]
[WhiteElo "2325"]
[BlackElo "2532"]
[PlyCount "60"]
[EventDate "2003.??.??"]

1. d4 e6 2. Nf3 Nf6 3. c4 Bb4+ 4. Nbd2 O-O 5. a3 Bxd2+ 6. Qxd2 b6 7. e3 Bb7 8.
Be2 Ne4 9. Qc2 f5 10. b4 a5 11. Rb1 axb4 12. axb4 Ng5 13. d5 exd5 14. Nxg5 Qxg5
15. Bf3 d6 16. O-O Nd7 17. Bxd5+ Bxd5 18. cxd5 Rac8 19. Rd1 Qh5 20. Bb2 f4 21.
Qc3 Ne5 22. exf4 Rxf4 23. Rd4 Rxd4 24. Qxd4 Nf3+ 25. gxf3 Qg6+ 26. Kf1 Qxb1+
27. Ke2 Re8+ 28. Kd2 Re7 29. h4 Qe1+ 30. Kc2 Qe2+ 0-1

[Event "Elit(Rockaden-Manhem)"]
[Site "?"]
[Date "2003.??.??"]
[Round "1"]
[White "Wiedenkeller, Michael"]
[Black "Schneider, Lars-Ake"]
[Result "1-0"]
[WhiteElo "2517"]
[BlackElo "2379"]
[PlyCount "75"]
[EventDate "2003.??.??"]

1. d4 Nf6 2. c4 e6 3. Nf3 b6 4. g3 Bb7 5. Bg2 Be7 6. Nc3 d5 7. cxd5 exd5 8.
Qa4+ c6 9. Ne5 O-O 10. O-O Bd6 11. Bg5 h6 12. Bxf6 Qxf6 13. e4 Bxe5 14. dxe5
Qxe5 15. exd5 cxd5 16. Rfe1 Qh5 17. Rad1 Na6 18. Nxd5 Nc5 19. Qa3 Rad8 20. Bf3
Qh3 21. Ne7+ Kh7 22. Bxb7 Nxb7 23. Rxd8 Rxd8 24. Qxa7 Qd7 25. Qxb6 Re8 26. Qb4
Nd6 27. Rd1 Rxe7 28. Rxd6 Qc7 29. Qd2 g6 30. h4 h5 31. Rd8 Qc6 32. Kh2 Qc5 33.
Qd4 Qxd4 34. Rxd4 Re2 35. Rb4 Rxf2+ 36. Kg1 Rc2 37. a4 Kg7 38. Rb3 1-0

[Event "Elit(Rockaden-Manhem)"]
[Site "?"]
[Date "2003.??.??"]
[Round "1"]
[White "Bator, Robert"]
[Black "Carlhammar, Magnus"]
[Result "1-0"]
[WhiteElo "2502"]
[BlackElo "2272"]
[PlyCount "129"]
[EventDate "2003.??.??"]

1. d4 Nf6 2. Nf3 g6 3. g3 Bg7 4. c4 O-O 5. Bg2 d5 6. cxd5 Nxd5 7. O-O Nb6 8.
Nc3 Nc6 9. d5 Na5 10. e4 c6 11. Bg5 h6 12. Bf4 cxd5 13. Nxd5 Nxd5 14. exd5 Nc4
15. Qc1 Nb6 16. Rd1 g5 17. Be5 Bxe5 18. Nxe5 Qd6 19. Qe3 Bf5 20. Rd4 Rac8 21.
b3 Rc5 22. Re1 Rfc8 23. h4 Rc3 24. Qe2 Rc2 25. Qh5 Qf6 26. hxg5 hxg5 27. Nf3
Rc1 28. Rxc1 Rxc1+ 29. Kh2 Bg6 30. Qxg5 Qxg5 31. Nxg5 Rc2 32. a4 Rxf2 33. d6
exd6 34. Rxd6 Kg7 35. a5 Nc8 36. Rd7 Kf6 37. Nh3 Ra2 38. b4 Be4 39. Nf4 Ne7 40.
Kh3 Bxg2+ 41. Nxg2 Nc6 42. Rxb7 Rb2 43. Nf4 Nxa5 44. Rxa7 Nc4 45. Rc7 Nd6 46.
Rd7 Nb5 47. Nd3 Rb3 48. Kh4 Na3 49. g4 Nc2 50. g5+ Kg7 51. Kh5 Nxb4 52. Ne5
Rh3+ 53. Kg4 Rh1 54. Rxf7+ Kg8 55. Rd7 Nc2 56. Kf5 Ne3+ 57. Kg6 Rd1 58. Rg7+
Kf8 59. Nd7+ Ke8 60. Nf6+ Kd8 61. Rg8+ Kc7 62. Re8 Nc4 63. Re2 Nd2 64. Nd5+ Kd8
65. Ne3 1-0

[Event "Elit(Solna-LASK)"]
[Site "?"]
[Date "2003.??.??"]
[Round "1"]
[White "Callergard, Robert"]
[Black "Tikkanen, Hans"]
[Result "1/2-1/2"]
[WhiteElo "2356"]
[BlackElo "2418"]
[PlyCount "100"]
[EventDate "2003.??.??"]

1. Nf3 c5 2. c4 g6 3. d4 cxd4 4. Nxd4 Bg7 5. e4 Nc6 6. Be3 Nf6 7. Nc3 O-O 8.
Be2 d6 9. O-O Bd7 10. Qd2 Nxd4 11. Bxd4 Bc6 12. f3 Nd7 13. Be3 a5 14. Rab1 Nc5
15. b3 Qb6 16. Rfc1 Rfc8 17. Kh1 h5 18. Rc2 Qd8 19. Bf1 Kh7 20. Re1 Bf6 21. Nd5
Bxd5 22. exd5 Qh8 23. Bg5 Rc7 24. h4 Qg7 25. g3 b6 26. Bh3 Na6 27. Re3 Nb4 28.
Rc1 Raa7 29. Bxf6 Qxf6 30. f4 Na6 31. Rf1 a4 32. f5 g5 33. hxg5 Qxg5 34. f6
axb3 35. axb3 Nc5 36. Qc2+ Kg8 37. Ref3 exf6 38. Rxf6 Re7 39. Rxd6 Ne4 40. Rd8+
Kg7 41. Qb2+ Re5 42. Rf5 Nxg3+ 43. Kh2 Nxf5 44. Qxe5+ f6 45. Rg8+ Kxg8 46. Qb8+
Kg7 47. Qxa7+ Kh6 48. Bxf5 Qd2+ 49. Kg1 Qe1+ 50. Kg2 Qe2+ 1/2-1/2

[Event "Elit(Solna-LASK)"]
[Site "?"]
[Date "2003.??.??"]
[Round "1"]
[White "Nicklasson, Christer"]
[Black "Steneskog, Per"]
[Result "1-0"]
[WhiteElo "2414"]
[BlackElo "2245"]
[PlyCount "137"]
[EventDate "2003.??.??"]

1. d4 d5 2. c4 e6 3. Nc3 c5 4. e3 Nc6 5. Nf3 Nf6 6. cxd5 exd5 7. Be2 Be7 8.
dxc5 Bxc5 9. O-O O-O 10. b3 a6 11. Na4 Bd6 12. Bb2 Ne4 13. Nd4 Ne5 14. f4 Ng6
15. Nc2 Ne7 16. Bf3 Re8 17. Qd4 Nf6 18. Qd2 Ne4 19. Bxe4 dxe4 20. Rad1 b5 21.
Nc5 Nf5 22. Nxe4 Rxe4 23. Qd5 Rxe3 24. Nxe3 Nxe3 25. Qxd6 Qxd6 26. Rxd6 Be6 27.
Re1 Nf5 28. Rc6 h5 29. Kf2 h4 30. g4 hxg3+ 31. hxg3 Rd8 32. Rxa6 Rd2+ 33. Re2
Rxe2+ 34. Kxe2 Nxg3+ 35. Kf3 Nf5 36. Rb6 Bd7 37. Rb8+ Kh7 38. Ke4 Kg6 39. Rb6+
f6 40. Rb8 Bc6+ 41. Kd3 Kh5 42. Rc8 Bd7 43. Rd8 Bc6 44. Rc8 Bd7 45. Rc7 Be8 46.
Ke4 Kg4 47. Bc1 Ng3+ 48. Kd5 Ne2 49. Rxg7+ Kf3 50. Rc7 Bg6 51. Ke6 Bb1 52. Kxf6
Bxa2 53. b4 Bc4 54. Bd2 Nxf4 55. Bxf4 Kxf4 56. Re7 Bd3 57. Re1 Kf3 58. Ke7 Kf4
59. Kd6 Kf5 60. Kc5 Kf6 61. Re3 Bc4 62. Kd6 Kf7 63. Re7+ Kf8 64. Kd7 Bd5 65.
Re5 Bc4 66. Rf5+ Kg7 67. Kc6 Bd3 68. Rxb5 Kf7 69. Re5 1-0

[Event "Elit(Solna-LASK)"]
[Site "?"]
[Date "2003.??.??"]
[Round "1"]
[White "Johansson, Gunnar"]
[Black "Olsson, Linus"]
[Result "1/2-1/2"]
[WhiteElo "2254"]
[BlackElo "2344"]
[PlyCount "50"]
[EventDate "2003.??.??"]

1. e4 c5 2. c3 d5 3. exd5 Qxd5 4. d4 cxd4 5. cxd4 Nc6 6. Nf3 e5 7. Nc3 Bb4 8.
Bd2 Bxc3 9. Bxc3 e4 10. Ne5 Nxe5 11. dxe5 Ne7 12. Be2 O-O 13. O-O Qe6 14. Qd4
Qg6 15. Rfe1 Bf5 16. Rad1 Nc6 17. Qd6 Rfe8 18. Qxg6 hxg6 19. Bb5 Rad8 20. h3 a6
21. Bxc6 bxc6 22. g4 Be6 23. Rxd8 Rxd8 24. a3 Rd3 25. Re3 Rxe3 1/2-1/2

[Event "Elit(Solna-LASK)"]
[Site "?"]
[Date "2003.??.??"]
[Round "1"]
[White "Semcesen, Daniel"]
[Black "Landgren, Andreas"]
[Result "1-0"]
[WhiteElo "2299"]
[BlackElo "2219"]
[PlyCount "74"]
[EventDate "2003.??.??"]

1. e4 c5 2. Nf3 d6 3. Bc4 Nf6 4. d3 e6 5. Bb3 Be7 6. c3 O-O 7. O-O b6 8. Re1
Nc6 9. Nbd2 Ba6 10. Nf1 Rc8 11. Ng3 Qc7 12. a3 Rfd8 13. Bc2 Nd7 14. Bf4 Nf8 15.
h4 Ng6 16. Bg5 d5 17. h5 Nge5 18. Bxe7 Qxe7 19. d4 Nxf3+ 20. Qxf3 cxd4 21. e5
Qg5 22. h6 Qxh6 23. Nh5 dxc3 24. bxc3 d4 25. Qg4 d3 26. Bd1 Qg6 27. Qh4 Rd5 28.
f4 Nxe5 29. fxe5 Rc4 30. Qe7 h6 31. Bf3 Rdc5 32. Qd8+ Kh7 33. Rad1 Ra4 34. Re3
Rxc3 35. Qa8 Rcxa3 36. Be4 Rxe4 37. Qxe4 37... Qxe4 {Tid} 1-0